[Event "FRA-chT3 Gr12 0304"]
[Site "Loire"]
[Date "2004.03.14"]
[Round "6.1"]
[White "Pomat, Jerome"]
[Black "Mulas, Gianmarco"]
[Result "0-1"]
[WhiteElo "1720"]
[BlackElo "2125"]
[PlyCount "66"]
[EventDate "2003.10.12"]
[EventType "team"]
[EventRounds "9"]
[EventCountry "FRA"]
[SourceTitle "EXT 2008"]
[Source "ChessBase"]
[SourceDate "2007.11.25"]
[SourceVersion "1"]
[SourceVersionDate "2007.11.25"]
[SourceQuality "1"]

1. e4 c5 2. d4 cxd4 3. c3 dxc3 4. Nxc3 Nc6 5. Nf3 d6 6. Bc4 e6 7. 0-0 Nf6 8. Qe2 Be7 9. Rd1 Qc7 10. Bf4 e5 11. Be3 0-0 12. Rac1 Qb8 13. Bb3 Bg4 14. h3 Bh5 15. a3 h6 16. Qd2 Bg6 17. Bd5 Nxd5 18. exd5 Na5 19. Bxa7 Rxa7 20. Nb5 Nb3 21. Qe3 Nxc1 22. Rxc1 Ra5 23. Qe2 Rc8 24. Rxc8+ Qxc8 25. Nxe5 Qc1+ 26. Kh2 Qf4+ 27. g3 Qxe5 28. Qxe5 dxe5 29. d6 Rxb5 30. dxe7 f6 31. h4 Rxb2 32. h5 Bxh5 33. g4 Be8 0-1

[Event "FRA-chT3 Gr12 0304"]
[Site "Loire"]
[Date "2004.01.18"]
[Round "4.2"]
[White "Debray, Tristan"]
[Black "Pomat, Jerome"]
[Result "1-0"]
[WhiteElo "2062"]
[BlackElo "1720"]
[PlyCount "69"]
[EventDate "2003.10.12"]
[EventType "team"]
[EventRounds "9"]
[EventCountry "FRA"]
[SourceTitle "EXT 2008"]
[Source "ChessBase"]
[SourceDate "2007.11.25"]
[SourceVersion "1"]
[SourceVersionDate "2007.11.25"]
[SourceQuality "1"]

1. e4 d6 2. d4 Nf6 3. Nc3 c6 4. f4 d5 5. e5 Ng8 6. Nf3 Bf5 7. Bd3 e6 8. Bxf5 exf5 9. Qd3 Qd7 10. 0-0 Be7 11. Re1 Na6 12. a3 Nc7 13. Be3 h5 14. Na4 Rh6 15. Bf2 0-0-0 16. Nc5 Bxc5 17. dxc5 Ne6 18. g3 Ne7 19. b4 Rdh8 20. h4 Rg6 21. Kf1 Rg4 22. Rad1 Rh6 23. c4 Rhg6 24. Nh2 Nxf4 25. gxf4 Rg2 26. Nf3 R6g4 27. Ng5 Qc7 28. cxd5 cxd5 29. Qf3 Ng6 30. Rd4 Qc6 31. Qxg2 Rxg2 32. Kxg2 f6 33. exf6 Qxf6 34. Re6 Nxf4+ 35. Rxf4 1-0